<?xml version="1.0" encoding="UTF-8"?>
<record
    xmlns:xsi="http://www.w3.org/2001/XMLSchema-instance"
    xsi:schemaLocation="http://www.loc.gov/MARC21/slim http://www.loc.gov/standards/marcxml/schema/MARC21slim.xsd"
    xmlns="http://www.loc.gov/MARC21/slim">

  <leader>02708nam0a2200349   4500</leader>
  <controlfield tag="001">RU\NLR\BIBL_A\012455149</controlfield>
  <controlfield tag="005">20250624040244.0</controlfield>
  <datafield tag="035" ind1=" " ind2=" ">
    <subfield code="a">(NLR Aleph) 012455149</subfield>
  </datafield>
  <datafield tag="090" ind1=" " ind2=" ">
    <subfield code="a">11995088</subfield>
    <subfield code="c">11995088</subfield>
  </datafield>
  <datafield tag="100" ind1=" " ind2=" ">
    <subfield code="a">20210217f19021905|||y0rusy50      ca</subfield>
  </datafield>
  <datafield tag="101" ind1="0" ind2=" ">
    <subfield code="a">rus</subfield>
  </datafield>
  <datafield tag="102" ind1=" " ind2=" ">
    <subfield code="a">RU</subfield>
  </datafield>
  <datafield tag="105" ind1=" " ind2=" ">
    <subfield code="a">y|||z|||000zy</subfield>
  </datafield>
  <datafield tag="181" ind1=" " ind2="0">
    <subfield code="a">i</subfield>
    <subfield code="b">axxe</subfield>
  </datafield>
  <datafield tag="182" ind1=" " ind2="0">
    <subfield code="a">n</subfield>
  </datafield>
  <datafield tag="200" ind1="1" ind2=" ">
    <subfield code="a">&#x41F;&#x440;&#x438;&#x43B;&#x43E;&#x436;&#x435;&#x43D;&#x438;&#x44F; &#x43A; &#x41F;&#x440;&#x43E;&#x435;&#x43A;&#x442;&#x443; &#x43E;&#x431;&#x449;&#x435;&#x433;&#x43E; &#x443;&#x441;&#x442;&#x430;&#x432;&#x430; &#x418;&#x43C;&#x43F;&#x435;&#x440;&#x430;&#x442;&#x43E;&#x440;&#x441;&#x43A;&#x438;&#x445; &#x440;&#x43E;&#x441;&#x441;&#x438;&#x439;&#x441;&#x43A;&#x438;&#x445; &#x443;&#x43D;&#x438;&#x432;&#x435;&#x440;&#x441;&#x438;&#x442;&#x435;&#x442;&#x43E;&#x432;</subfield>
  </datafield>
  <datafield tag="203" ind1=" " ind2=" ">
    <subfield code="a">&#x422;&#x435;&#x43A;&#x441;&#x442;</subfield>
    <subfield code="b">&#x432;&#x438;&#x437;&#x443;&#x430;&#x43B;&#x44C;&#x43D;&#x44B;&#x439;</subfield>
    <subfield code="c">&#x43D;&#x435;&#x43F;&#x43E;&#x441;&#x440;&#x435;&#x434;&#x441;&#x442;&#x432;&#x435;&#x43D;&#x43D;&#x44B;&#x439;</subfield>
  </datafield>
  <datafield tag="210" ind1=" " ind2=" ">
    <subfield code="a">[&#x421;&#x430;&#x43D;&#x43A;&#x442;-&#x41F;&#x435;&#x442;&#x435;&#x440;&#x431;&#x443;&#x440;&#x433;]</subfield>
    <subfield code="c">&#x413;&#x43E;&#x441;&#x443;&#x434;&#x430;&#x440;&#x441;&#x442;&#x432;&#x435;&#x43D;&#x43D;&#x430;&#x44F; &#x442;&#x438;&#x43F;&#x43E;&#x433;&#x440;&#x430;&#x444;&#x438;&#x44F;</subfield>
    <subfield code="d">[190-]</subfield>
  </datafield>
  <datafield tag="215" ind1=" " ind2=" ">
    <subfield code="a">[2], 86, 32, 14 &#x441;.</subfield>
    <subfield code="d">34</subfield>
  </datafield>
  <datafield tag="327" ind1="1" ind2=" ">
    <subfield code="a">&#x421;&#x43E;&#x434;&#x435;&#x440;&#x436;.: &#x41F;&#x440;&#x438;&#x43B;. 1: &#x41F;&#x43E;&#x441;&#x442;&#x430;&#x442;&#x435;&#x439;&#x43D;&#x44B;&#x435; &#x437;&#x430;&#x43C;&#x435;&#x447;&#x430;&#x43D;&#x438;&#x44F; &#x43A; &#x43F;&#x440;&#x43E;&#x435;&#x43A;&#x442;&#x443; &#x41E;&#x431;&#x449;&#x435;&#x433;&#x43E; &#x443;&#x441;&#x442;&#x430;&#x432;&#x430; &#x418;&#x43C;&#x43F;&#x435;&#x440;&#x430;&#x442;&#x43E;&#x440;&#x441;&#x43A;&#x438;&#x445; &#x440;&#x43E;&#x441;&#x441;&#x438;&#x439;&#x441;&#x43A;&#x438;&#x445; &#x443;&#x43D;&#x438;&#x432;&#x435;&#x440;&#x441;&#x438;&#x442;&#x435;&#x442;&#x43E;&#x432;. &#x41F;&#x440;&#x438;&#x43B;. 2: &#x41E; &#x441;&#x43E;&#x441;&#x442;&#x430;&#x432;&#x435; &#x43A;&#x430;&#x444;&#x435;&#x434;&#x440; &#x438; &#x43E;&#x431; &#x443;&#x447;&#x435;&#x431;&#x43D;&#x43E;-&#x432;&#x441;&#x43F;&#x43E;&#x43C;&#x43E;&#x433;&#x430;&#x442;&#x435;&#x43B;&#x44C;&#x43D;&#x44B;&#x445; &#x443;&#x441;&#x442;&#x430;&#x43D;&#x43E;&#x432;&#x43B;&#x435;&#x43D;&#x438;&#x44F;&#x445;. &#x41F;&#x440;&#x438;&#x43B;. 3: &#x41E; &#x43F;&#x440;&#x430;&#x432;&#x430;&#x445;, &#x441;&#x43E;&#x43F;&#x440;&#x44F;&#x436;&#x435;&#x43D;&#x43D;&#x44B;&#x445; &#x441; &#x434;&#x438;&#x43F;&#x43B;&#x43E;&#x43C;&#x430;&#x43C;&#x438; &#x432;&#x44B;&#x441;&#x448;&#x438;&#x445; &#x443;&#x447;&#x435;&#x431;&#x43D;&#x44B;&#x445; &#x437;&#x430;&#x432;&#x435;&#x434;&#x435;&#x43D;&#x438;&#x439;</subfield>
  </datafield>
  <datafield tag="333" ind1=" " ind2=" ">
    <subfield code="a">&#x41D;&#x430; &#x43F;&#x440;&#x430;&#x432;&#x430;&#x445; &#x440;&#x443;&#x43A;&#x43E;&#x43F;&#x438;&#x441;&#x438;</subfield>
  </datafield>
  <datafield tag="422" ind1=" " ind2="0">
    <subfield code="1">2001#$a&#x41F;&#x440;&#x43E;&#x435;&#x43A;&#x442; &#x43E;&#x431;&#x449;&#x435;&#x433;&#x43E; &#x443;&#x441;&#x442;&#x430;&#x432;&#x430; &#x440;&#x43E;&#x441;&#x441;&#x438;&#x439;&#x441;&#x43A;&#x438;&#x445; &#x443;&#x43D;&#x438;&#x432;&#x435;&#x440;&#x441;&#x438;&#x442;&#x435;&#x442;&#x43E;&#x432;</subfield>
    <subfield code="1">210##$a[&#x421;&#x430;&#x43D;&#x43A;&#x442;-&#x41F;&#x435;&#x442;&#x435;&#x440;&#x431;&#x443;&#x440;&#x433;$d1905]</subfield>
    <subfield code="1">740#1$a&#x420;&#x43E;&#x441;&#x441;&#x438;&#x44F;$t&#x417;&#x430;&#x43A;&#x43E;&#x43D;&#x44B; &#x438; &#x43F;&#x43E;&#x441;&#x442;&#x430;&#x43D;&#x43E;&#x432;&#x43B;&#x435;&#x43D;&#x438;&#x44F;$3RU\NLR\auth\889957980</subfield>
    <subfield code="t">&#x41F;&#x440;&#x43E;&#x435;&#x43A;&#x442; &#x43E;&#x431;&#x449;&#x435;&#x433;&#x43E; &#x443;&#x441;&#x442;&#x430;&#x432;&#x430; &#x440;&#x43E;&#x441;&#x441;&#x438;&#x439;&#x441;&#x43A;&#x438;&#x445; &#x443;&#x43D;&#x438;&#x432;&#x435;&#x440;&#x441;&#x438;&#x442;&#x435;&#x442;&#x43E;&#x432;</subfield>
  </datafield>
  <datafield tag="464" ind1=" " ind2="0">
    <subfield code="1">2001#$a&#x41F;&#x43E;&#x441;&#x442;&#x430;&#x442;&#x435;&#x439;&#x43D;&#x44B;&#x435; &#x437;&#x430;&#x43C;&#x435;&#x447;&#x430;&#x43D;&#x438;&#x44F; &#x43A; &#x43F;&#x440;&#x43E;&#x435;&#x43A;&#x442;&#x443; &#x41E;&#x431;&#x449;&#x435;&#x433;&#x43E; &#x443;&#x441;&#x442;&#x430;&#x432;&#x430; &#x418;&#x43C;&#x43F;&#x435;&#x440;&#x430;&#x442;&#x43E;&#x440;&#x441;&#x43A;&#x438;&#x445; &#x440;&#x43E;&#x441;&#x441;&#x438;&#x439;&#x441;&#x43A;&#x438;&#x445; &#x443;&#x43D;&#x438;&#x432;&#x435;&#x440;&#x441;&#x438;&#x442;&#x435;&#x442;&#x43E;&#x432;</subfield>
    <subfield code="t">&#x41F;&#x43E;&#x441;&#x442;&#x430;&#x442;&#x435;&#x439;&#x43D;&#x44B;&#x435; &#x437;&#x430;&#x43C;&#x435;&#x447;&#x430;&#x43D;&#x438;&#x44F; &#x43A; &#x43F;&#x440;&#x43E;&#x435;&#x43A;&#x442;&#x443; &#x41E;&#x431;&#x449;&#x435;&#x433;&#x43E; &#x443;&#x441;&#x442;&#x430;&#x432;&#x430; &#x418;&#x43C;&#x43F;&#x435;&#x440;&#x430;&#x442;&#x43E;&#x440;&#x441;&#x43A;&#x438;&#x445; &#x440;&#x43E;&#x441;&#x441;&#x438;&#x439;&#x441;&#x43A;&#x438;&#x445; &#x443;&#x43D;&#x438;&#x432;&#x435;&#x440;&#x441;&#x438;&#x442;&#x435;&#x442;&#x43E;&#x432;</subfield>
  </datafield>
  <datafield tag="464" ind1=" " ind2="0">
    <subfield code="1">2001#$a&#x41E; &#x441;&#x43E;&#x441;&#x442;&#x430;&#x432;&#x435; &#x43A;&#x430;&#x444;&#x435;&#x434;&#x440; &#x438; &#x43E;&#x431; &#x443;&#x447;&#x435;&#x431;&#x43D;&#x43E;-&#x432;&#x441;&#x43F;&#x43E;&#x43C;&#x43E;&#x433;&#x430;&#x442;&#x435;&#x43B;&#x44C;&#x43D;&#x44B;&#x445; &#x443;&#x441;&#x442;&#x430;&#x43D;&#x43E;&#x432;&#x43B;&#x435;&#x43D;&#x438;&#x44F;&#x445;</subfield>
    <subfield code="t">&#x41E; &#x441;&#x43E;&#x441;&#x442;&#x430;&#x432;&#x435; &#x43A;&#x430;&#x444;&#x435;&#x434;&#x440; &#x438; &#x43E;&#x431; &#x443;&#x447;&#x435;&#x431;&#x43D;&#x43E;-&#x432;&#x441;&#x43F;&#x43E;&#x43C;&#x43E;&#x433;&#x430;&#x442;&#x435;&#x43B;&#x44C;&#x43D;&#x44B;&#x445; &#x443;&#x441;&#x442;&#x430;&#x43D;&#x43E;&#x432;&#x43B;&#x435;&#x43D;&#x438;&#x44F;&#x445;</subfield>
  </datafield>
  <datafield tag="464" ind1=" " ind2="0">
    <subfield code="1">2001#$a&#x41E; &#x43F;&#x440;&#x430;&#x432;&#x430;&#x445;, &#x441;&#x43E;&#x43F;&#x440;&#x44F;&#x436;&#x435;&#x43D;&#x43D;&#x44B;&#x445; &#x441; &#x434;&#x438;&#x43F;&#x43B;&#x43E;&#x43C;&#x430;&#x43C;&#x438; &#x432;&#x44B;&#x441;&#x448;&#x438;&#x445; &#x443;&#x447;&#x435;&#x431;&#x43D;&#x44B;&#x445; &#x437;&#x430;&#x432;&#x435;&#x434;&#x435;&#x43D;&#x438;&#x439;</subfield>
    <subfield code="t">&#x41E; &#x43F;&#x440;&#x430;&#x432;&#x430;&#x445;, &#x441;&#x43E;&#x43F;&#x440;&#x44F;&#x436;&#x435;&#x43D;&#x43D;&#x44B;&#x445; &#x441; &#x434;&#x438;&#x43F;&#x43B;&#x43E;&#x43C;&#x430;&#x43C;&#x438; &#x432;&#x44B;&#x441;&#x448;&#x438;&#x445; &#x443;&#x447;&#x435;&#x431;&#x43D;&#x44B;&#x445; &#x437;&#x430;&#x432;&#x435;&#x434;&#x435;&#x43D;&#x438;&#x439;</subfield>
  </datafield>
  <datafield tag="606" ind1="1" ind2=" ">
    <subfield code="a">&#x423;&#x43D;&#x438;&#x432;&#x435;&#x440;&#x441;&#x438;&#x442;&#x435;&#x442;&#x44B;</subfield>
    <subfield code="j">&#x423;&#x441;&#x442;&#x430;&#x432;&#x44B;, &#x43D;&#x430;&#x441;&#x442;&#x430;&#x432;&#x43B;&#x435;&#x43D;&#x438;&#x44F; &#x438; &#x442;.&#x43F;</subfield>
    <subfield code="y">&#x420;&#x43E;&#x441;&#x441;&#x438;&#x44F;</subfield>
    <subfield code="9">1828856</subfield>
    <subfield code="3">RU\NLR\AUTH\661118937</subfield>
  </datafield>
  <datafield tag="686" ind1="3" ind2=" ">
    <subfield code="a">&#x427;484(28)711</subfield>
  </datafield>
  <datafield tag="852" ind1=" " ind2=" ">
    <subfield code="a">NLR</subfield>
    <subfield code="j">97/209</subfield>
  </datafield>
  <datafield tag="942" ind1=" " ind2=" ">
    <subfield code="c">BOOK</subfield>
  </datafield>
  <datafield tag="980" ind1=" " ind2=" ">
    <subfield code="a">NB</subfield>
  </datafield>
</record>
